The noble scholar, jurist, historian


 His Excellency Dr. Abdul Wahhab bin Ibrahim Abu Sulaiman, may Allah have mercy on him.


 He was born in Umm Al-Qura in the year 1356 AH.

فهارس مرقاة المفاتيح : (Record no. 13088)

MARC details
000 -LEADER
fixed length control field 01362cam a22002891i 4500
003 - CONTROL NUMBER IDENTIFIER
control field SA-RiAUC
005 - DATE AND TIME OF LATEST TRANSACTION
control field 20251109083003.0
008 - FIXED-LENGTH DATA ELEMENTS--GENERAL INFORMATION
fixed length control field 251014s1992 le g i 000r0 ara c
040 ## - CATALOGING SOURCE
Original cataloging agency SA-RiAUC
Language of cataloging ara
Transcribing agency SA-RiAUC
Description conventions rda
050 #4 - LIBRARY OF CONGRESS CALL NUMBER
Item number A88 1992
082 04 - DEWEY DECIMAL CLASSIFICATION NUMBER
Classification number 237.3016
Assigning agency SA-RiAUC
090 ## - LOCALLY ASSIGNED LC-TYPE CALL NUMBER (OCLC); LOCAL CALL NUMBER (RLIN)
Classification number (OCLC) (R) ; Classification number, CALL (RLIN) (NR) 237.3016
Local cutter number (OCLC) ; Book number/undivided call number, CALL (RLIN) ع ط ا
100 1# - MAIN ENTRY--PERSONAL NAME
Personal name العطار، صدقي محمد جميل
Relator term مؤلف.
245 10 - TITLE STATEMENT
Title فهارس مرقاة المفاتيح :
Remainder of title شرح مشكاة المصابيح /
Statement of responsibility, etc. إعداد صدقي محمد جميل العطار.
250 ## - EDITION STATEMENT
Edition statement الطبعة الأولى.
264 #1 - PRODUCTION, PUBLICATION, DISTRIBUTION, MANUFACTURE, AND COPYRIGHT NOTICE
Place of production, publication, distribution, manufacture بيروت :
Name of producer, publisher, distributor, manufacturer دار الفكر،
Date of production, publication, distribution, manufacture, or copyright notice 1992
300 ## - PHYSICAL DESCRIPTION
Extent 504 صفحة ؛
Dimensions 24 سم
336 ## - CONTENT TYPE
Content type term نص
Content type code txt
Source rdacontent
Materials specified كتاب
337 ## - MEDIA TYPE
Media type term بدون وسيط
Media type code n
Source rdamedia
338 ## - CARRIER TYPE
Carrier type term مجلد
Carrier type code nc
Source rdacarrier
650 #7 - SUBJECT ADDED ENTRY--TOPICAL TERM
Topical term or geographic name entry element الحديث
General subdivision جوامع الفنون
Form subdivision كشافات
Source of heading or term aucsh
650 #7 - SUBJECT ADDED ENTRY--TOPICAL TERM
Topical term or geographic name entry element الحديث
General subdivision شرح
Form subdivision كشافات
Source of heading or term aucsh
700 12 - ADDED ENTRY--PERSONAL NAME
Relationship information كشاف لـ :
Personal name علي القاري، علي بن محمد الهروي،
Titles and other words associated with a name الملا،
Dates associated with a name توفي 1014 هجري.
Title of a work مرقاة المفاتيح : شرح مشكاة المصابيح
700 12 - ADDED ENTRY--PERSONAL NAME
Relationship information شرح لـ :
Personal name التبريزي، محمد بن عبد الله الخطيب،
Dates associated with a name توفي 741 هجري.
Title of a work مشكاة المصابيح
942 ## - ADDED ENTRY ELEMENTS (KOHA)
Source of classification or shelving scheme Dewey Decimal Classification
Koha item type Books
Suppress in OPAC No
949 ## - LOCAL PROCESSING INFORMATION (OCLC)
a SA-JeALM
d 251014
u mohamedma123
n 1
Holdings
Withdrawn status Lost status Source of classification or shelving scheme Damaged status Not for loan Home library Current library Date acquired Total checkouts Full call number Barcode Date last seen Price effective from Koha item type
    Dewey Decimal Classification     DR AbdElwahab Library DR AbdElwahab Library 11/09/2025   237.3016 ع ط ا 000020926 11/09/2025 11/09/2025 Books